| 000 | 01507cam a2200433 a 4500 | ||
|---|---|---|---|
| 001 | 22702 | ||
| 003 | SK-KTurca | ||
| 005 | 20260420165148.0 | ||
| 008 | 240318s2017 xo c 000 f slo | ||
| 015 | _aSNBA2017/04 | ||
| 020 |
_a9788055624648 _q(brož.) |
||
| 035 | _aurn:nbn:sk:snk-am00dzfy | ||
| 035 | _aurn:nbn:sk:snk-am3i9rx | ||
| 035 | _a824946D1-44B0-41E0-BF0A-52BC65C26B3F | ||
| 040 |
_aPOKPOH _bslo _cPOKPOH _dSNK _eAACR2 |
||
| 041 | 1 |
_aslo _heng |
|
| 044 |
_axo _cSK |
||
| 072 | 7 |
_a821.111(73)-3 _xAmerická próza _2konspekt |
|
| 072 | 7 |
_a821-93 _xLiteratúra pre deti a mládež (beletria) _2konspekt |
|
| 080 |
_a821.111(73)-31 _22011 |
||
| 080 |
_a82-31 _22011 |
||
| 080 |
_a82-93-053.2 _22011 |
||
| 100 | 1 |
_aMass, Wendy, _d1967- _4aut |
|
| 240 | 1 | 4 |
_aThe Willow Falls Series, Book 3 - 13 Gifts _lSlovensky |
| 245 | 1 | 0 |
_aZa trest trinásťročná _cWendy Mass ; [z anglického originálu preložila Zuzana Kamenská] |
| 260 |
_aBratislava _bSlovart _c2017 |
||
| 300 |
_a341 s. _c19 cm |
||
| 500 | _aNa obálke uvedené: Budú to zakliate narodeniny? Alebo nie? | ||
| 521 | 1 | _aPre deti 10+ | |
| 655 | 7 |
_aamerické romány _2SNKPH |
|
| 655 | 7 |
_adievčenské romány _2SNKPH |
|
| 655 | 7 |
_apublikácie pre deti _2SNKPH |
|
| 655 | 7 |
_aAmerican novels _2SNKPHeng |
|
| 655 | 7 |
_aGirls' novels _2SNKPHeng |
|
| 655 | 7 |
_aChildren's literature _2SNKPHeng |
|
| 700 | 1 |
_aTrstenská, Zuzana, _d1982- _4trl |
|
| 942 |
_2ddc _cKLDE _n0 |
||
| 999 |
_c22702 _d22702 |
||